Foundations of Logic and Theory of Computation (Record no. 1939)

000 -LEADER
fixed length control field 00593nam a22002177a 4500
003 - CONTROL NUMBER IDENTIFIER
control field OSt
005 - DATE AND TIME OF LATEST TRANSACTION
control field 20150810171318.0
008 - FIXED-LENGTH DATA ELEMENTS--GENERAL INFORMATION
fixed length control field 150810b xxu||||| |||| 00| 0 eng d
020 ## - INTERNATIONAL STANDARD BOOK NUMBER
International Standard Book Number 9781904987888
050 ## - LIBRARY OF CONGRESS CALL NUMBER
Classification number QA267.3.S47 2012
100 ## - MAIN ENTRY--PERSONAL NAME
Personal name sernadas, amilcar
245 ## - TITLE STATEMENT
Title Foundations of Logic and Theory of Computation
250 ## - EDITION STATEMENT
Edition statement 2nd ed.
260 ## - PUBLICATION, DISTRIBUTION, ETC. (IMPRINT)
Place of publication, distribution, etc London
Name of publisher, distributor, etc Kings College London
300 ## - PHYSICAL DESCRIPTION
Dimensions 25cm.
440 ## - SERIES STATEMENT/ADDED ENTRY--TITLE
Title Texts in Computing
Number of part/section of a work 10
504 ## - BIBLIOGRAPHY, ETC. NOTE
Bibliography, etc includes bibliography and index
651 ## - SUBJECT ADDED ENTRY--GEOGRAPHIC NAME
General subdivision Computer Logic; Computation
700 ## - ADDED ENTRY--PERSONAL NAME
Personal name Sernadas, Christina
942 ## - ADDED ENTRY ELEMENTS (KOHA)
Source of classification or shelving scheme
Koha item type Book
Holdings
Withdrawn status Lost status Source of classification or shelving scheme Damaged status Not for loan Home library Current library Shelving location Date acquired Total Checkouts Full call number Barcode Date last seen Copy number Price effective from Koha item type
          Riara University Library Riara University Library General stack 10/08/2015   QA.267.3.S47 2012 6524/15 10/08/2015 C.1 10/08/2015 Book
          Riara University Library Riara University Library General stack 10/08/2015   QA.267.3.S47 2012 6525/15 10/08/2015 C.3 10/08/2015 Book
          Riara University Library Riara University Library General stack 10/08/2015   QA.267.3.S47 2012 6526/15 10/08/2015 C.2 10/08/2015 Book

Riara University Library,
P.O. Box 49940-00100,
Nairobi, Kenya.